Digital Innovation, Transformation and Emerging Opportunities for Enterprises

Medzi novými technologickými inováciami majú umelá inteligencia a technológia blockchain veľkú šancu ovplyvniť každodenný život ľudí a aktivity firiem. O umelej inteligencii sa už vie veľa a používa sa denne. Práve technológia blockchain zostáva v úzadí a subjekty nemajú jasnú predstavu o tom, o čo...

Descrizione completa

Salvato in:
Dettagli Bibliografici
Autore principale: Badura, Peter, 1978-
Natura: Capitolo di libro
Lingua:inglese
Soggetti:
Tags: Aggiungi Tag
Nessun Tag, puoi essere il primo ad aggiungerne!!

MARC

LEADER 00000naa$a2200000$$$4500
001 0314329
005 20260319070955.6
041 0 |a eng 
044 |a SK 
245 1 0 |a Digital Innovation, Transformation and Emerging Opportunities for Enterprises  |c Peter Badura 
520 |a Medzi novými technologickými inováciami majú umelá inteligencia a technológia blockchain veľkú šancu ovplyvniť každodenný život ľudí a aktivity firiem. O umelej inteligencii sa už vie veľa a používa sa denne. Práve technológia blockchain zostáva v úzadí a subjekty nemajú jasnú predstavu o tom, o čo ide a čo im môže ponúknuť. Hlavným cieľom tejto práce je opísať základy fungovania kryptomien a blockchainu a opísať príležitosti pre rôzne podniky a ich zákazníkov, ak implementujú túto technológiu do súčasných procesov. 
610 2 0 |a ekonómia 
610 2 0 |a manažment 
610 2 0 |a podnikanie 
610 2 0 |a digitalizácia 
610 2 0 |a financie 
100 1 |a Badura, Peter, 1978-